Télévision belge par images (RTBF) - Statistiques

Statistiques générales
  • Ce quiz a été pris 31 fois
    26 depuis la dernière actualisation
  • Le résultat moyen est 12 sur 20
Statistiques - réponses
Par images Hint Réponse % Correct
Emission Le Grand Cactus
100%
Plateforme à la demande Auvio
88%
Emission Une brique dans le ventre
80%
Emission On n'est pas des pigeons !
76%
Chroniqueur Kody
68%
Chanteuse et animatrice Beverly Jo Scott
64%
Emission Hep Taxi !
64%
Lieu de tournage La Médiacité / Média Rives
64%
Animatrice Sara De Paduwa
64%
Présentateur François De Brigode
60%
Evénement sportif Le Beau Vélo de RAVeL
60%
Commentateur sportif Phillippe Albert
60%
Evénement caritatif CAP48
56%
Emission C'est du belge
56%
Emission Le jardin extraordinaire
52%
Animatrice Maureen Louys
52%
Administrateur général Jean-Paul Philippot
36%
Animatrice Joëlle Scoriels
36%
Série coproduite La Trêve
36%
Film coproduit Toto le héros
20%
Aucun quiz correspondant
Distribution des résultats
% des personnes avec chaque résultat
Percentile par nombre de réponses
Votre historique - résultats
Vous n’avez pas pris ce quiz depuis la dernière actualisation